<?xml version="1.0" encoding="UTF-8"?>
<record
    xmlns:xsi="http://www.w3.org/2001/XMLSchema-instance"
    xsi:schemaLocation="http://www.loc.gov/MARC21/slim http://www.loc.gov/standards/marcxml/schema/MARC21slim.xsd"
    xmlns="http://www.loc.gov/MARC21/slim">

  <leader>01619cam a22003373a 4500</leader>
  <controlfield tag="001">0000722</controlfield>
  <controlfield tag="003">DO-SdBNP</controlfield>
  <controlfield tag="005">20171109124625.0</controlfield>
  <controlfield tag="007">0000722</controlfield>
  <controlfield tag="008">861112   2009 ag ac         000 0 spa d</controlfield>
  <datafield tag="010" ind1=" " ind2=" ">
    <subfield code="a"> </subfield>
  </datafield>
  <datafield tag="020" ind1=" " ind2=" ">
    <subfield code="a">9789507715723</subfield>
  </datafield>
  <datafield tag="040" ind1=" " ind2=" ">
    <subfield code="a">BPMSU</subfield>
    <subfield code="c">spa</subfield>
    <subfield code="d">BPMSU</subfield>
    <subfield code="d"> </subfield>
  </datafield>
  <datafield tag="082" ind1=" " ind2=" ">
    <subfield code="a">580</subfield>
    <subfield code="b">G943v</subfield>
  </datafield>
  <datafield tag="245" ind1="1" ind2="0">
    <subfield code="a">Gu&#xED;a visual del mundo vegetal /</subfield>
    <subfield code="c">Adriana Cuenca ; ilustraciones Luis Nu&#xF1;ez, Luis Retta </subfield>
  </datafield>
  <datafield tag="260" ind1="0" ind2=" ">
    <subfield code="a">Buenos Aires, Argentina :</subfield>
    <subfield code="b">Cultural Librera Americana,</subfield>
    <subfield code="c">2009.</subfield>
  </datafield>
  <datafield tag="300" ind1=" " ind2=" ">
    <subfield code="a">64 p. :</subfield>
    <subfield code="b">il., retrato</subfield>
    <subfield code="c">39 cm.</subfield>
  </datafield>
  <datafield tag="500" ind1=" " ind2=" ">
    <subfield code="a">Incluye glosario.</subfield>
  </datafield>
  <datafield tag="505" ind1="2" ind2=" ">
    <subfield code="t">El reino de las plantas --</subfield>
    <subfield code="t">La diversidad vegetal --</subfield>
    <subfield code="g">Plantas con semillas :</subfield>
    <subfield code="t">Un mundo complejo --</subfield>
    <subfield code="t">Las angiospermas --</subfield>
    <subfield code="t">Las gimnospermas --</subfield>
    <subfield code="t">La ra&#xED;z --</subfield>
    <subfield code="t">El tallo --</subfield>
    <subfield code="t">Las hojas --</subfield>
    <subfield code="t">Las flores --</subfield>
    <subfield code="t">Las inflorescencias --</subfield>
    <subfield code="t">Las semillas --</subfield>
    <subfield code="t">Los frutos --</subfield>
    <subfield code="t">Los &#xE1;rboles --</subfield>
    <subfield code="t">Los &#xE1;rboles gigantes --</subfield>
    <subfield code="t">Las plantas carn&#xED;voras --</subfield>
    <subfield code="g">Plantas sin semillas :</subfield>
    <subfield code="t">Los helechos y las hep&#xE1;ticas --</subfield>
    <subfield code="g">Otros reinos --</subfield>
    <subfield code="t">Las algas y los musgos --</subfield>
    <subfield code="t">Los hongos y los l&#xED;quenes --</subfield>
    <subfield code="g">Procesos vitales --</subfield>
    <subfield code="t">Los procesos de los vegetales --</subfield>
    <subfield code="t">Los tropismos --</subfield>
    <subfield code="t">Las plantas y el medio --</subfield>
    <subfield code="t">Ecosistemas terrestres --</subfield>
    <subfield code="t">Ecosistemas acu&#xE1;ticos --</subfield>
    <subfield code="t">Los cultivos y la econom&#xED;a --</subfield>
    <subfield code="t">Glosario --</subfield>
  </datafield>
  <datafield tag="600" ind1="0" ind2="0">
    <subfield code="a"> </subfield>
    <subfield code="x"> </subfield>
  </datafield>
  <datafield tag="650" ind1=" " ind2="4">
    <subfield code="a">BOT&#xC1;NICA</subfield>
  </datafield>
  <datafield tag="650" ind1=" " ind2="4">
    <subfield code="a">DIVERSIDAD BIOL&#xD3;GICA</subfield>
  </datafield>
  <datafield tag="650" ind1=" " ind2="4">
    <subfield code="a">ANATOM&#xCD;A VEGETAL</subfield>
  </datafield>
  <datafield tag="650" ind1=" " ind2="4">
    <subfield code="a">TAXOM&#xCD;A VEGETAL</subfield>
  </datafield>
  <datafield tag="700" ind1="1" ind2="2">
    <subfield code="a">Cuenca, Adriana</subfield>
    <subfield code="e">redacci&#xF3;n</subfield>
  </datafield>
  <datafield tag="700" ind1="1" ind2="2">
    <subfield code="a">Nu&#xF1;ez, Luis </subfield>
    <subfield code="e">il.</subfield>
  </datafield>
  <datafield tag="700" ind1="1" ind2="2">
    <subfield code="a">Retta, Luis</subfield>
    <subfield code="e">il.</subfield>
  </datafield>
  <datafield tag="942" ind1=" " ind2=" ">
    <subfield code="2">ddc</subfield>
    <subfield code="c">BK</subfield>
  </datafield>
  <datafield tag="945" ind1=" " ind2=" ">
    <subfield code="a">Inventariado extranjero / 2017 VM</subfield>
  </datafield>
  <datafield tag="952" ind1=" " ind2=" ">
    <subfield code="0">0</subfield>
    <subfield code="1">0</subfield>
    <subfield code="2">ddc</subfield>
    <subfield code="4">0</subfield>
    <subfield code="7">0</subfield>
    <subfield code="8">CG</subfield>
    <subfield code="a">BPMET</subfield>
    <subfield code="b">BPMET</subfield>
    <subfield code="d">2016-10-17</subfield>
    <subfield code="e"> </subfield>
    <subfield code="l">0</subfield>
    <subfield code="o">580     G943v</subfield>
    <subfield code="p">BPMSU16100177</subfield>
    <subfield code="r">2016-10-17</subfield>
    <subfield code="w">2016-10-17</subfield>
    <subfield code="y">BK</subfield>
  </datafield>
  <datafield tag="952" ind1=" " ind2=" ">
    <subfield code="0">0</subfield>
    <subfield code="1">0</subfield>
    <subfield code="2">ddc</subfield>
    <subfield code="4">0</subfield>
    <subfield code="7">0</subfield>
    <subfield code="8">CG</subfield>
    <subfield code="a">BPMET</subfield>
    <subfield code="b">BPMET</subfield>
    <subfield code="d">2016-10-17</subfield>
    <subfield code="e"> </subfield>
    <subfield code="l">0</subfield>
    <subfield code="o">580 G943v</subfield>
    <subfield code="p">BPMSU16100178</subfield>
    <subfield code="r">2016-10-17</subfield>
    <subfield code="t">e. 2</subfield>
    <subfield code="w">2016-10-17</subfield>
    <subfield code="y">BK</subfield>
  </datafield>
  <datafield tag="956" ind1=" " ind2=" ">
    <subfield code="2">YLOCKWARD</subfield>
    <subfield code="3">10</subfield>
    <subfield code="8">BPMSU</subfield>
  </datafield>
  <datafield tag="999" ind1=" " ind2=" ">
    <subfield code="c">11572</subfield>
    <subfield code="d">11572</subfield>
  </datafield>
</record>
